书目信息 |
| 题名: |
稀土
|
|
| 作者: | 徐光宪 主编 | |
| 分册: | 上册 | |
| 出版信息: | 北京 冶金工业出版社 1995 |
|
| 页数: | 870 | |
| 开本: | 20cm | |
| 丛书名: | ||
| 单 册: | ||
| 中图分类: | O614.33 | |
| 科图分类: | ||
| 主题词: | 无机化学 | |
| 电子资源: | ||
| ISBN: | 7-5024-1678-1 | |
| 000 | 00528nam0 2200193 450 | |
| 001 | 0754114953 | |
| 005 | 20070929150154.95 | |
| 010 | @a7-5024-1678-1@b精装 | |
| 100 | @a20070929d km y0chiy0120 ea | |
| 101 | 0 | @achi |
| 200 | 1 | @a稀土@Axi tu@h上册@f徐光宪 主编@Fxu guang xian zhu bian |
| 205 | @a2版 | |
| 210 | @a北京@c冶金工业出版社@d1995 | |
| 215 | @a870@c插图@d20cm | |
| 606 | 0 | @a无机化学 |
| 690 | @aO614.33@v3 | |
| 701 | 0 | @a徐光宪@Axu guang xian@4主编 |
| 801 | 0 | @aCN@bPFT@c20070929 |
| 905 | @a213230@dO614.33@eh27:1=2@f1 | |
| 稀土.上册/徐光宪 主编.-2版.-北京:冶金工业出版社,1995 |
| 870:插图;20cm |
| ISBN 7-5024-1678-1(精装): |
| ● |
| 相关链接 |
|
|
|
|
正题名:稀土
索取号:O614.33/h27:1=2
 
预约/预借
| 序号 | 登录号 | 条形码 | 馆藏地/架位号 | 状态 | 备注 |
| 1 | 6000501 | 260005014 | 密集书库-化学系/ [索取号:O614.33/h27:1=2] | 在馆 | |
| 2 | 6000502 | 260005023 | 密集书库-化学系/ [索取号:O614.33/h27:1=2] | 在馆 | |
| 3 | 6000503 | 260005032 | 密集书库-化学系/ [索取号:O614.33/h27:1=2] | 在馆 |